000 00571nam a22002057a 4500
003 koha_MIRAKIL
005 20231213100120.0
008 231213b |||||||| |||| 00| 0 ||| d
020 _b978-9-75801271-8
040 _aTR-IsEVY
_btur
_cTR-IsEVY
082 _aFIC JOH/K
100 _aJohnson, Ann Donegan.
245 0 _aKendine inanmanın önemi
_bLouis Pasteur'ün öyküsü
250 _a5. bs.
260 _bÖteki Yayınevi,
300 _a58 s.
650 _aChildren's literature -- Stories.
650 _aÇocuk edebiyatı -- Hikayeler.
942 _2ddc
_cBK
999 _c14748
_d14748